[Event "Autumn Cup"]
[Site "Box Hill"]
[Date "2002.02.15"]
[Round "2.23"]
[White "Lugo, Ruperto"]
[Black "Bourmistrov, Alex"]
[Result "1-0"]
[WhiteElo "1599"]
[BlackElo "1500"]
[Annotator "sf"]
[PlyCount "67"]
[EventDate "2002.02.08"]

1. d4 Nf6 2. Nf3 g6 3. c4 Bg7 4. Nc3 O-O 5. e4 d6 6. Bd3 Nbd7 7. O-O c5 8. d5
Ng4 9. Qe2 Nge5 10. Nxe5 Nxe5 11. Bc2 b6 12. Bd2 Ba6 13. b3 Bb7 14. f4 Nd7 15.
Rae1 a6 16. a4 Qc7 17. Qd3 f5 18. exf5 Rxf5 19. Rxe7 Raf8 20. Qh3 R5f7 21. Rxf7
Rxf7 22. f5 Bd4+ 23. Kh1 Bc8 24. Ne2 Bg7 25. Qe3 Ne5 26. Ng3 Qd8 27. fxg6 Rxf1+
28. Nxf1 hxg6 29. Ng3 Ng4 30. Qf3 Qh4 31. h3 Ne5 32. Qf4 Qh7 33. Kg1 Bh6 34.
Qxh6 1-0

[Event "Autumn Cup"]
[Site "Box Hill"]
[Date "2002.02.15"]
[Round "2.24"]
[White "Nemeth, Laszlo"]
[Black "Liston, Howard"]
[Result "0-1"]
[WhiteElo "1494"]
[BlackElo "1596"]
[Annotator "sf"]
[PlyCount "86"]
[EventDate "2002.02.08"]

1. d4 d5 2. e3 Nf6 3. Bd3 e6 4. Nd2 c5 5. c3 b6 6. f4 Bd7 7. Ngf3 Nc6 8. O-O
Bd6 9. Ne5 c4 10. Bc2 b5 11. a3 a5 12. g4 h5 13. g5 Bxe5 14. dxe5 Ng8 15. Qf3
g6 16. e4 d4 17. Qf2 d3 18. Bd1 Qb8 19. Nf3 Qa7 20. Be3 Qb7 21. Nd4 Nge7 22.
Bf3 Nxd4 23. Bxd4 Bc6 24. Bg2 Bxe4 25. Bxe4 Qxe4 26. Rae1 Qc6 27. Bc5 Nf5 28.
Rd1 Rc8 29. Bb6 Ra8 30. Bc5 Kd7 31. a4 Rhc8 32. Ba3 bxa4 33. Rfe1 Ke8 34. Rd2
Rab8 35. h3 Rb5 36. Kh2 Rcb8 37. Kg1 Qb6 38. Qxb6 R8xb6 39. Kf2 Ne7 40. Re4 Rc6
41. Ke1 Rb3 42. Kd1 Nd5 43. Bd6 Nxc3+ 0-1

[Event "Autumn Cup"]
[Site "Box Hill"]
[Date "2002.02.15"]
[Round "2.25"]
[White "Sucevic, Milic"]
[Black "O'Connor, Phil"]
[Result "0-1"]
[WhiteElo "1594"]
[BlackElo "1492"]
[Annotator "jp"]
[PlyCount "61"]
[EventDate "2002.02.08"]

1. e4 c5 2. f4 b6 3. Nf3 Bb7 4. d3 g6 5. Bd2 Bg7 6. Bc3 Nf6 7. Nbd2 O-O 8. Nh4
e6 9. Ndf3 Nc6 10. Qd2 d5 11. e5 d4 12. exf6 dxc3 13. bxc3 Bxf6 14. g3 Ne7 15.
Bg2 Nd5 16. Ne5 Bxh4 17. c4 Bf6 18. cxd5 Bxd5 19. O-O-O Bxg2 20. Qxg2 Qd4 21.
Rhe1 Qa1+ 22. Kd2 Qxa2 23. g4 Qd5 24. Qh3 Bxe5 25. Rxe5 Qd6 26. g5 c4 27. Ke1
cxd3 28. Rxd3 Qb4+ 29. Kd1 Qxf4 30. Rb5 Rad8 31. Qg2 0-1

[Event "Autumn Cup"]
[Site "Box Hill"]
[Date "2002.02.15"]
[Round "2.27"]
[White "Stanning, Trevor"]
[Black "Papa, James"]
[Result "0-1"]
[WhiteElo "1583"]
[BlackElo "1433"]
[Annotator "sf"]
[PlyCount "54"]
[EventDate "2002.02.08"]

1. e4 c5 2. Nf3 Nc6 3. Bd3 d6 4. c3 g6 5. Bc2 Bg7 6. O-O Nf6 7. h3 O-O 8. d4
cxd4 9. cxd4 Qb6 10. Nc3 Nd7 11. Nd5 Qd8 12. Be3 e6 13. Nc3 Nb6 14. Qe2 Bd7 15.
Rac1 Rc8 16. Bb1 Na5 17. b3 Qe8 18. Nd2 Nc6 19. Nf3 Nb4 20. Qb2 Rc7 21. a3 Na6
22. Nd2 Qe7 23. f4 Rfc8 24. Nf3 Nb8 25. Bd3 a6 26. Bd2 Nc6 27. Ne2 d5 {
Remaining moves inaccurately recorded.} 0-1

[Event "Autumn Cup"]
[Site "Box Hill"]
[Date "2002.02.15"]
[Round "2.28"]
[White "Carey, Peter"]
[Black "Stojic, Dusan"]
[Result "0-1"]
[WhiteElo "1451"]
[BlackElo "1577"]
[Annotator "tc"]
[PlyCount "102"]
[EventDate "2002.02.08"]

1. e4 c5 2. Nf3 d6 3. c3 Nf6 4. d4 Nxe4 5. Qc2 Nf6 6. Bc4 Bd7 7. dxc5 dxc5 8.
O-O Nc6 9. Bg5 e6 10. Nbd2 Be7 11. Ne4 Nxe4 12. Bxe7 Qxe7 13. Qxe4 O-O 14. Rfe1
Rfd8 15. Bd3 g6 16. Qg4 Kg7 17. Nh4 Qf6 18. Qe4 Ne7 19. Qg4 Nd5 20. Be4 Qf4 21.
Qxf4 Nxf4 22. Rad1 Bc6 23. Bxc6 bxc6 24. Nf3 Nd3 25. Re2 Nxb2 26. Rxd8 Rxd8 27.
Rd2 Rd5 28. Kf1 Nc4 29. Rc2 Rd1+ 30. Ke2 Rb1 31. Kd3 Rb2 32. Rxb2 Nxb2+ 33. Ke4
Nd1 34. c4 f6 35. Ne5 Nxf2+ 36. Kf4 g5+ 37. Kg3 fxe5 38. Kxf2 Kf6 39. Kf3 h5
40. Ke4 Kf7 41. Kxe5 Ke7 42. a4 a5 43. h3 h4 44. Ke4 Kf6 45. Kf3 Kf5 46. Ke3 e5
47. Kf3 e4+ 48. Ke3 Ke5 49. Kf2 Kd4 50. Ke2 Kxc4 51. Ke3 Kd5 0-1

[Event "Autumn Cup"]
[Site "Box Hill"]
[Date "2002.02.15"]
[Round "2.30"]
[White "Carey, Jamie"]
[Black "Mihalopoulos, Tony"]
[Result "0-1"]
[WhiteElo "1126"]
[BlackElo "1372"]
[Annotator "hl"]
[PlyCount "86"]
[EventDate "2002.02.08"]

1. e4 d5 2. Nc3 d4 3. Nd5 e5 4. c3 c6 5. Nb4 Bxb4 6. cxb4 Be6 7. b3 Nf6 8. Qc2
Nbd7 9. Bc4 Qe7 10. Bxe6 Qxe6 11. d3 h6 12. Qc4 Qe7 13. Nf3 O-O 14. Bd2 Rfc8
15. O-O Rc7 16. b5 c5 17. Rac1 b6 18. Rc2 Rac8 19. Rfc1 Qd6 20. h3 Nf8 21. Nh4
Ne6 22. Nf5 Qd7 23. g3 Ng5 24. Kg2 Kh7 25. f4 Nxh3 26. Rh1 g6 27. Nxh6 exf4 28.
Rxh3 Nh5 29. Bxf4 Nxf4+ 30. gxf4 Kg7 31. Kg3 Rh8 32. Ng4 Rxh3+ 33. Kxh3 Qd6 34.
e5 Qd7 35. Kg3 Qf5 36. Rh2 g5 37. fxg5 Qxg5 38. Qd5 Re7 39. Qd6 Re6 40. Qc7 Rg6
41. Qd7 Qe3+ 42. Kh4 Qf4 43. Kh5 Qg5# 0-1

[Event "Autumn Cup"]
[Site "Box Hill"]
[Date "2002.02.15"]
[Round "2.31"]
[White "Gombik, Louis"]
[Black "Sellayah, Renishka"]
[Result "0-1"]
[WhiteElo "1360"]
[BlackElo "1126"]
[Annotator "hl"]
[PlyCount "100"]
[EventDate "2002.02.08"]

1. e4 d5 2. Nc3 d4 3. Nd5 e5 4. a3 c6 5. Nb4 Nf6 6. d3 c5 7. Na2 Be6 8. Nf3 Nc6
9. Bd2 h6 10. Be2 Be7 11. h3 O-O 12. O-O Nh7 13. b4 cxb4 14. axb4 Bxa2 15. Rxa2
Bxb4 16. Bxb4 Nxb4 17. Rb2 Qe7 18. Qb1 a5 19. Rc1 Rfc8 20. g4 g6 21. Kg2 Rc6
22. Rf1 Rac8 23. Bd1 Ng5 24. Nh2 Ne6 25. Nf3 Nc5 26. Qc1 Kh7 27. Qb1 Na4 28.
Rb3 Nc3 29. Qa1 a4 30. Rxb4 Qxb4 31. Nxe5 Rf6 32. Nc4 b5 33. e5 Re6 34. Nd6
Nxd1 35. Nxc8 Nc3 36. f4 a3 37. Nd6 Qc5 38. Ne4 Nxe4 39. dxe4 Qxc2+ 40. Kg3
Qc3+ 41. Qxc3 dxc3 42. f5 gxf5 43. Rxf5 Kg6 44. h4 a2 45. h5+ Kg7 46. Rf1 b4
47. Kf3 b3 48. Kf4 b2 49. g5 a1=Q 50. gxh6+ Kxh6 0-1

[Event "Autumn Cup"]
[Site "Box Hill"]
[Date "2002.02.15"]
[Round "2.32"]
[White "Hickman, Casey"]
[Black "Wan, James"]
[Result "1-0"]
[WhiteElo "1118"]
[BlackElo "1360"]
[Annotator "hl"]
[PlyCount "113"]
[EventDate "2002.02.08"]

1. e4 c5 2. c3 b6 3. d4 e6 4. Bf4 Bb7 5. Nd2 Nc6 6. Bb5 cxd4 7. Bxc6 Bxc6 8.
cxd4 Bb4 9. Qe2 Nf6 10. f3 O-O 11. a3 Be7 12. Nh3 a6 13. a4 b5 14. b3 Qa5 15.
O-O bxa4 16. Rfb1 Rab8 17. Bxb8 Rxb8 18. Nf4 Qc3 19. Qd3 Bb4 20. bxa4 Qxd3 21.
Nxd3 a5 22. Nc4 Rb7 23. Nxb4 axb4 24. Kf2 Rb8 25. Ke3 d5 26. exd5 Nxd5+ 27. Kd2
Nc3 28. Rb3 Bxa4 29. Rb2 g6 30. Rc1 Nd5 31. Nd6 Rb6 32. Ne4 Ne7 33. Rc7 Nf5 34.
Kd3 Bb5+ 35. Kd2 Ba6 36. Rd7 Kf8 37. Nf6 Kg7 38. Ne4 Bc4 39. Nc5 Bd5 40. Nd3
Nd6 41. Kc2 b3+ 42. Kd1 Nf5 43. Nf4 Bc4 44. Kd2 g5 45. Ne2 Nh4 46. Kd1 Nxg2 47.
Kd2 Nh4 48. Ke3 Nf5+ 49. Kd2 Rb4 50. Nc3 Bb5 51. Nxb5 Rxb5 52. Ke2 Kf8 53. Kd3
Ke8 54. Ra7 Rb4 55. Kc3 Rxd4 56. Rxb3 Rf4 57. Rb8# 1-0

[Event "Autumn Cup"]
[Site "Box Hill"]
[Date "2002.02.15"]
[Round "2.33"]
[White "Loizou, Loizos"]
[Black "Chan, Robert K"]
[Result "1/2-1/2"]
[WhiteElo "1274"]
[BlackElo "1115"]
[Annotator "hl"]
[PlyCount "97"]
[EventDate "2002.02.08"]

1. d4 g6 2. c4 Bg7 3. e3 e6 4. Nc3 Ne7 5. Nf3 Nbc6 6. Be2 O-O 7. O-O a6 8. e4
b6 9. e5 d6 10. Bf4 Bb7 11. Qd2 h5 12. Bh6 Nf5 13. Bxg7 Kxg7 14. Rfd1 Rh8 15.
Qf4 Rh7 16. Ne4 d5 17. Nf6 Rh6 18. cxd5 exd5 19. Bd3 Nce7 20. Qg5 Bc6 21. h3
Bb7 22. g4 hxg4 23. hxg4 Nxd4 24. Nxd4 c5 25. Nf3 c4 26. Bc2 Bc6 27. Kg2 Rh8
28. Nd4 Qc8 29. Rh1 Qb7 30. Rxh8 Rxh8 31. Rh1 Rxh1 32. Kxh1 b5 33. Qh4 Ng8 34.
Qh7+ Kf8 35. Qxg8+ Ke7 36. Nxc6+ Qxc6 37. f3 a5 38. Nh7 Qe8 39. Qxe8+ Kxe8 40.
Kg2 d4 41. Kf2 d3 42. Bd1 a4 43. Ke3 Ke7 44. Kd4 Ke6 45. f4 a3 46. bxa3 Ke7 47.
Kc5 Ke6 48. Kxb5 c3 49. Ng5+ 1/2-1/2

[Event "Autumn Cup"]
[Site "Box Hill"]
[Date "2002.02.15"]
[Round "2.34"]
[White "Papa, Phil"]
[Black "Van Dijk, Devrim"]
[Result "1-0"]
[WhiteElo "1249"]
[BlackElo "1109"]
[Annotator "hl"]
[PlyCount "41"]
[EventDate "2002.02.08"]

1. c4 c6 2. g3 d5 3. cxd5 cxd5 4. Bg2 Nc6 5. Nf3 Bf5 6. e3 Nf6 7. O-O e6 8. Nc3
Be7 9. Re1 O-O 10. d3 Bb4 11. a3 Be7 12. Nh4 Bg6 13. Nxg6 fxg6 14. d4 Nh5 15.
e4 Bf6 16. Be3 dxe4 17. Nxe4 Bxd4 18. Qb3 Qe7 19. Rad1 Bxe3 20. Qxe3 Rad8 21.
Rd3 {Black lost on time} 1-0

[Event "Autumn Cup"]
[Site "Box Hill"]
[Date "2002.02.15"]
[Round "2.35"]
[White "Chong, Trevor"]
[Black "Ziffer, Rocheleh"]
[Result "1/2-1/2"]
[WhiteElo "1220"]
[BlackElo "1097"]
[Annotator "tc"]
[PlyCount "145"]
[EventDate "2002.02.08"]

1. e4 c5 2. c3 d5 3. exd5 Qxd5 4. d4 cxd4 5. cxd4 Nf6 6. Nf3 Bg4 7. Nc3 Qd8 8.
Bc4 g6 9. Bxf7+ Kxf7 10. Ne5+ Ke8 11. Nxg4 Nxg4 12. Qxg4 Qd7 13. Qxd7+ Nxd7 14.
Nb5 Kd8 15. Bf4 a6 16. Nc7 Rc8 17. Rc1 Nb6 18. O-O Kd7 19. d5 Bg7 20. Rc2 Nxd5
21. Rd1 e6 22. Nxd5 exd5 23. Rxd5+ Ke6 24. Rdd2 Rhd8 25. g4 Rxd2 26. Rxd2 Rc1+
27. Kg2 Rb1 28. Rd6+ Ke7 29. Rb6 Rxb2 30. Bg5+ Kd7 31. Be3 Rxb6 32. Bxb6 Kc6
33. Be3 Bf8 34. f4 b5 35. f5 gxf5 36. gxf5 Kd5 37. Bg5 Ke5 38. f6 Kf5 39. Bd2
Kxf6 40. Kf3 Ke5 41. Ke3 Bh6+ 42. Kd3 Bxd2 43. Kxd2 Kd4 44. h4 Kc4 45. h5 b4
46. Kc2 a5 47. Kb2 a4 48. Kc2 b3+ 49. axb3+ axb3+ 50. Kc1 Kc3 51. h6 Kd4 52.
Kb2 Kc4 53. Kb1 Kb4 54. Kb2 Ka4 55. Kb1 Kb4 56. Kb2 Kc4 57. Kb1 Kc3 58. Kc1 Kd4
59. Kb2 Ke4 60. Kxb3 Kf5 61. Kc3 Kg5 62. Kd3 Kxh6 63. Ke3 Kh5 64. Kf3 Kh4 65.
Kg2 h6 66. Kf3 Kh3 67. Kf2 Kh2 68. Kf3 h5 69. Kf4 h4 70. Kf3 h3 71. Kf2 Kh1 72.
Kg3 h2 73. Kf2 1/2-1/2

[Event "Autumn Cup"]
[Site "Box Hill"]
[Date "2002.02.15"]
[Round "2.36"]
[White "Fell, Samuel"]
[Black "Petrou, Anthony"]
[Result "0-1"]
[WhiteElo "1057"]
[BlackElo "1217"]
[Annotator "hl"]
[PlyCount "31"]
[EventDate "2002.02.08"]

1. d4 e6 2. c4 c5 3. Nf3 Qb6 4. d5 d6 5. Nc3 Nf6 6. Qc2 e5 7. Bg5 Nbd7 8. g3 h6
9. Bd2 Be7 10. Bh3 Nf8 11. Bxc8 Rxc8 12. a4 Qa6 13. Nb5 Ng6 14. b4 b6 15. O-O
cxb4 16. Bxb4 {Scoresheet errors} 0-1

[Event "Autumn Cup"]
[Site "Box Hill"]
[Date "2002.02.15"]
[Round "2.37"]
[White "Muthusamy, Reubban"]
[Black "Loo, Jonathan"]
[Result "1-0"]
[WhiteElo "1206"]
[BlackElo "1036"]
[Annotator "hl"]
[PlyCount "103"]
[EventDate "2002.02.08"]

1. e4 e5 2. Nf3 Nc6 3. d4 Nf6 4. d5 Nd4 5. Nxd4 exd4 6. Qxd4 c5 7. Qe5+ Qe7 8.
Qxe7+ Bxe7 9. Nc3 d6 10. Bb5+ Bd7 11. Bxd7+ Nxd7 12. f4 a6 13. a3 b5 14. b4 c4
15. O-O Bf6 16. Bb2 Bd4+ 17. Kh1 Nf6 18. Rfe1 Ng4 19. Nd1 Bxb2 20. Nxb2 O-O 21.
c3 Rfe8 22. Re2 Ra7 23. h3 Nf6 24. e5 Nxd5 25. Rd2 Nxc3 26. Rxd6 Ne4 27. Rd4
Ng3+ 28. Kh2 Ne2 29. Re4 Nc3 30. Rd4 Raa8 31. a4 Ne2 32. Re4 Nc3 33. Rd4 Ne2
34. Rd6 Nxf4 35. axb5 c3 36. Nd3 Nxd3 37. Rxd3 Rxe5 38. Rxa6 Rb8 39. b6 c2 40.
Rc3 Re3 41. Rxc2 Rb3 42. b7 g6 43. Rc8+ Rxc8 44. bxc8=Q+ Kg7 45. Qb7 h5 46. Ra7
Kh6 47. h4 g5 48. Qc6+ Kg7 49. hxg5 h4 50. Qf6+ Kg8 51. Qxf7+ Kh8 52. Qf8# 1-0

[Event "Autumn Cup"]
[Site "Box Hill"]
[Date "2002.02.15"]
[Round "2.38"]
[White "Lee, Melissa"]
[Black "Mah, Zunyou"]
[Result "1-0"]
[WhiteElo "1204"]
[BlackElo "938"]
[Annotator "hl"]
[PlyCount "87"]
[EventDate "2002.02.08"]

1. e4 d5 2. exd5 Nf6 3. Nc3 Nxd5 4. Nxd5 Qxd5 5. d4 Nc6 6. Be3 Bf5 7. Nf3 e6 8.
g3 Nb4 9. Bd3 Bg4 10. Be2 Bh3 11. c3 Nc6 12. Bf1 Bg4 13. Bg2 O-O-O 14. O-O e5
15. h3 Bxf3 16. Bxf3 e4 17. Be2 Bd6 18. c4 Qf5 19. Bg4 Qxg4 20. Qxg4+ Kb8 21.
Qxe4 h5 22. c5 Rde8 23. Qd5 Ne7 24. Qxf7 Ref8 25. Qb3 Bxg3 26. fxg3 Re8 27. Rf7
Rhg8 28. Raf1 Ng6 29. Qd5 a6 30. Bf4 Nxf4 31. R1xf4 Re1+ 32. Kf2 Rge8 33. Rf8
R1e2+ 34. Kg1 Re1+ 35. Rf1 Rxf1+ 36. Rxf1 Ka7 37. Qd7 Re2 38. Qxc7 Rxb2 39. c6
g5 40. cxb7 Rxb7 41. Qc5+ Ka8 42. Rf8+ Rb8 43. Qc6+ Ka7 44. Rf7+ 1-0

[Event "Autumn Cup"]
[Site "Box Hill"]
[Date "2002.02.15"]
[Round "2.39"]
[White "Schlossberg, Jonathan"]
[Black "Fell, Nathan"]
[Result "1-0"]
[WhiteElo "1145"]
[BlackElo "873"]
[Annotator "hl"]
[PlyCount "36"]
[EventDate "2002.02.08"]

1. d4 Nf6 2. Nf3 g6 3. c4 Bg7 4. Nc3 O-O 5. e3 d6 6. Bd3 Nbd7 7. Qc2 e5 8. d5
Re8 9. b3 Nc5 10. e4 Bg4 11. Be2 Bd7 12. Be3 c6 13. Bd3 Nxd3+ 14. Qxd3 c5 15.
Rc1 a6 16. Rc2 Rb8 17. Nd2 b5 18. cxb5 axb5 {Inconsistent scoresheets} 1-0

[Event "Autumn Cup"]
[Site "Box Hill"]
[Date "2002.02.15"]
[Round "2.40"]
[White "Loo, David"]
[Black "Fielder, Shaun"]
[Result "0-1"]
[WhiteElo "774"]
[BlackElo "1141"]
[Annotator "sf"]
[PlyCount "66"]
[EventDate "2002.02.08"]

1. d4 Nf6 2. c4 e6 3. Nc3 Bb4 4. Bd2 b6 5. Nf3 Bb7 6. a3 Be7 7. Qc2 d5 8. e3
Nbd7 9. Bd3 dxc4 10. Bxc4 c5 11. O-O O-O 12. Bd3 Bxf3 13. gxf3 cxd4 14. exd4
Qc7 15. Bg5 h6 16. Bxf6 Nxf6 17. Ne4 Qf4 18. Nxf6+ Bxf6 19. Rfe1 Qxf3 20. Qc3
Qd5 21. Be4 Qg5+ 22. Kf1 Rac8 23. Qd3 Rfd8 24. Qa6 Bxd4 25. Rad1 e5 26. Qxa7
Qf4 27. f3 Qxh2 28. Rxd4 Rxd4 29. f4 Qxf4+ 30. Kg2 Rd2+ 31. Re2 Rxe2+ 32. Kg1
Qf2+ 33. Kh1 Qh2# 0-1

[Event "Autumn Cup"]
[Site "Box Hill"]
[Date "2002.02.15"]
[Round "2.41"]
[White "Gunawan, Andy"]
[Black "Vijayakumar, Rukman"]
[Result "1/2-1/2"]
[WhiteElo "1391"]
[BlackElo "1234"]
[Annotator "sf"]
[PlyCount "83"]
[EventDate "2002.02.08"]

1. d4 Nf6 2. c4 g6 3. Nc3 Bg7 4. e4 d6 5. Nf3 O-O 6. h3 Nbd7 7. Be2 e5 8. d5 a5
9. a4 Nc5 10. Qc2 Ne8 11. O-O f5 12. Bg5 Qd7 13. Nd2 h6 14. Be3 Nxa4 15. Nxa4
f4 16. Nc5 Qe7 17. Bxf4 Rxf4 18. Ne6 Bxe6 19. dxe6 Qxe6 20. Bg4 Qe7 21. Qb3 c5
22. Qb6 Qc7 23. Qb5 Qd8 24. Qxb7 Rb8 25. Qd5+ Kh7 26. b3 Nf6 27. Qe6 Nxe4 28.
Nxe4 Rxe4 29. Bf5 Rd4 30. Bxg6+ Kh8 31. Bf5 Qf6 32. Rxa5 Qxe6 33. Bxe6 e4 34.
Rfa1 Be5 35. Ra8 Rxa8 36. Rxa8+ Kg7 37. g3 Rd3 38. Rb8 Bd4 39. Bf5 Rxg3+ 40.
Kh2 Bxf2 41. Bxe4 Re3 42. Bd5 1/2-1/2

[Event "Autumn Cup"]
[Site "Box Hill"]
[Date "2002.02.15"]
[Round "2.43"]
[White "Vijayakumar, Rengan"]
[Black "Martin, Richard"]
[Result "0-1"]
[WhiteElo "804"]
[BlackElo "939"]
[Annotator "hl"]
[PlyCount "67"]
[EventDate "2002.02.08"]

1. e4 e5 2. Nf3 Nc6 3. Nc3 Nf6 4. d3 h6 5. h3 Bb4 6. a3 Ba5 7. b4 Bb6 8. Be3
Nd4 9. Na4 d6 10. Nxb6 Nxf3+ 11. gxf3 axb6 12. d4 O-O 13. dxe5 dxe5 14. Rg1 Kh7
15. h4 Nh5 16. Bd3 Qxh4 17. Ke2 Nf4+ 18. Bxf4 Qxf4 19. Qd2 Qxd2+ 20. Kxd2 f5
21. Rg2 Rd8 22. Ke2 f4 23. a4 g5 24. a5 Kg6 25. Rgg1 bxa5 26. bxa5 h5 27. c3 g4
28. fxg4 Bxg4+ 29. f3 Kg5 30. fxg4 hxg4 31. a6 f3+ 32. Ke3 f2 33. axb7 Rab8 34.
Rgc1 0-1

[Event "Autumn Cup"]
[Site "Box Hill"]
[Date "2002.02.15"]
[Round "2.45"]
[White "Devoy, Sean"]
[Black "Tischman, Fred"]
[Result "0-1"]
[WhiteElo "749"]
[BlackElo "1385"]
[Annotator "hl"]
[PlyCount "114"]
[EventDate "2002.02.08"]

1. e4 e5 2. Nf3 Nc6 3. Bc4 d6 4. h3 Na5 5. Bd3 Be6 6. O-O h6 7. b4 Nc4 8. Bxc4
Bxc4 9. d3 Be6 10. d4 Bc4 11. Re1 exd4 12. Qxd4 Be6 13. Na3 a6 14. Be3 Nf6 15.
e5 dxe5 16. Qxe5 Bd6 17. Qc3 O-O 18. Qd2 Ne4 19. Qd3 Nf6 20. c4 Bh2+ 21. Kxh2
Qxd3 22. Nb1 Qxc4 23. Bd2 Qd5 24. Nc3 Qd6+ 25. Kh1 Qb6 26. Re2 Qc6 27. a3 Rad8
28. Rc1 Qd7 29. Nb1 c6 30. Ne5 Qc8 31. Rc2 Bxh3 32. gxh3 Qxh3+ 33. Kg1 Ng4 34.
Nxg4 Qxg4+ 35. Kf1 Rd5 36. f3 Qh3+ 37. Kf2 Rf5 38. f4 Qh2+ 39. Kf3 Qh1+ 40. Rg2
Qxb1 41. Rc1 Qd3+ 42. Be3 Re8 43. Re2 Qd5+ 44. Kf2 Rh5 45. Rc5 Qh1 46. Rc1 Qh2+
47. Ke1 Qg3+ 48. Bf2 Rxe2+ 49. Kxe2 Qg4+ 50. Ke1 Qxf4 51. Rd1 Re5+ 52. Kf1 Rf5
53. Rd8+ Kh7 54. Ke2 Qxf2+ 55. Kd3 Qf3+ 56. Kd2 Rd5+ 57. Rxd5 cxd5 0-1

[Event "Autumn Cup"]
[Site "Box Hill"]
[Date "2002.02.15"]
[Round "2.46"]
[White "Wong, Stephanie"]
[Black "Benjamin, Frank"]
[Result "0-1"]
[WhiteElo "728"]
[BlackElo "1251"]
[Annotator "hl"]
[PlyCount "98"]
[EventDate "2002.02.08"]

1. e4 c5 2. Nc3 e6 3. Nf3 Nc6 4. d3 d6 5. Bd2 Nf6 6. Bg5 Be7 7. Qd2 O-O 8.
O-O-O e5 9. h3 a6 10. a3 b5 11. Nd5 Nxd5 12. Bxe7 Ndxe7 13. Be2 f6 14. g4 Be6
15. Rhg1 Ng6 16. Nh2 Rb8 17. Rde1 b4 18. axb4 Nxb4 19. c3 Qa5 20. cxb4 Qa1+ 21.
Kc2 Qa4+ 22. Kc1 Bb3 23. Qc3 Rxb4 24. Kd2 Nf4 25. h4 Rd4 26. Nf3 Rb4 27. Ra1
Qb5 28. Rh1 Be6 29. Ra3 Rxb2+ 30. Ke1 Rxe2+ 31. Kd1 Qb1+ 32. Qc1 Rb8 33. Nd2
Qb5 34. f3 Nxd3 35. Qc3 Nf2+ 36. Kc2 Nxh1 37. g5 f5 38. h5 f4 39. g6 hxg6 40.
hxg6 Re3 41. Qa1 Rxa3 42. Qxa3 Ng3 43. Qa1 Qe2 44. Qa5 Bb3+ 45. Kc1 Qd1+ 46.
Kb2 Be6+ 47. Kc3 Ne2+ 48. Kd3 Rb3+ 49. Qc3 Rxc3# 0-1

[Event "Autumn Cup"]
[Site "Box Hill"]
[Date "2002.02.15"]
[Round "2.47"]
[White "Thakur, Udit"]
[Black "Ziffer, Idy"]
[Result "1-0"]
[WhiteElo "702"]
[BlackElo "504"]
[Annotator "hl"]
[PlyCount "91"]
[EventDate "2002.02.08"]

1. d4 d5 2. f4 f5 3. e3 e6 4. c3 Nf6 5. Nf3 Ne4 6. g3 Bd6 7. Ne5 Qe7 8. Qh5+
Kd8 9. Nf7+ Kd7 10. Nxh8 g6 11. Qh4 Qg7 12. Nxg6 Qxg6 13. Nd2 Na6 14. Bxa6 bxa6
15. Qh3 Bb7 16. Qg2 Rg8 17. Rg1 c5 18. Nxe4 dxe4 19. Bd2 c4 20. Qe2 Qg4 21.
Qxg4 fxg4 22. Ke2 Kc6 23. Rgf1 Rf8 24. b3 Kb5 25. Rab1 Ba3 26. bxc4+ Kc6 27.
d5+ exd5 28. cxd5+ Kc7 29. c4 Rf7 30. Bb4 Rd7 31. Bxa3 h5 32. h4 Kc8 33. f5 Rf7
34. d6 Rd7 35. f6 Rf7 36. c5 Kb8 37. c6 Kc8 38. cxb7+ Rxb7 39. Rxb7 Kxb7 40. f7
Kc6 41. f8=Q Kd5 42. Qe8 a5 43. Rd1+ Kc4 44. Qc8+ Kb5 45. Rd5+ Ka4 46. Qc4+ 1-0

[Event "Autumn Cup"]
[Site "Box Hill"]
[Date "2002.02.15"]
[Round "2.48"]
[White "Tham, Christopher"]
[Black "Yap, Jonathan"]
[Result "0-1"]
[WhiteElo "686"]
[BlackElo "929"]
[Annotator "hl"]
[PlyCount "50"]
[EventDate "2002.02.08"]

1. e4 e5 2. Bc4 Nf6 3. d3 g6 4. Nf3 Nc6 5. Nc3 Bg7 6. Bxf7+ Kxf7 7. Ng5+ Kg8 8.
Be3 d6 9. Qf3 Bg4 10. Qg3 Nd4 11. O-O Rb8 12. f3 Nxc2 13. fxg4 Nxa1 14. Qf3 Nc2
15. Nd5 Nxe3 16. Qxe3 Nxd5 17. exd5 Bh6 18. Qf3 Qf8 19. Nf7 Bf4 20. Nxh8 Kxh8
21. g3 Bh6 22. Qe2 Qg7 23. h4 Qe7 24. d4 Rf8 25. Rc1 Bxc1 0-1

[Event "Autumn Cup"]
[Site "Box Hill"]
[Date "2002.02.15"]
[Round "2.49"]
[White "Gray, Alan"]
[Black "Mihalopoulos, Jason"]
[Result "0-1"]
[WhiteElo "675"]
[BlackElo "914"]
[Annotator "hl"]
[PlyCount "82"]
[EventDate "2002.02.08"]

1. e4 d5 2. exd5 Nf6 3. c4 e6 4. d3 h6 5. Nf3 exd5 6. Nbd2 Be6 7. b3 Bb4 8. Be2
Nc6 9. O-O Qd7 10. Bb2 O-O-O 11. Rc1 h5 12. a3 Be7 13. Ng5 h4 14. Bf3 h3 15. g3
Bg4 16. Nxf7 dxc4 17. Rxc4 Be6 18. Nxh8 Bxc4 19. Nxc4 Rxh8 20. Qc2 Rd8 21. Re1
Bc5 22. b4 Bd4 23. Rd1 Qf5 24. Qe2 Re8 25. Bg4 Qxg4 26. Qxg4+ Nxg4 27. Bc1
Bxf2+ 28. Kf1 Rf8 29. Ke2 Nd4+ 30. Kd2 Re8 31. Kc3 Nb5+ 32. Kb3 Nd4+ 33. Ka4
b5+ 34. Ka5 c6 35. Nd6+ Kd7 36. Nxe8 Ne6 37. Nxg7 Nxg7 38. Ka6 Kc8 39. d4 Ne8
40. d5 Nc7+ 41. Ka5 Bb6# 0-1

[Event "Autumn Cup"]
[Site "Box Hill"]
[Date "2002.02.15"]
[Round "2.52"]
[White "O'Connor, Andrew"]
[Black "Bourmistrov, Anna"]
[Result "1-0"]
[WhiteElo "667"]
[BlackElo "881"]
[Annotator "jp"]
[PlyCount "33"]
[EventDate "2002.02.08"]

1. e4 e5 2. Nf3 d6 3. Bc4 Nf6 4. d3 g6 5. Bg5 Bg7 6. Nc3 O-O 7. Qd2 Qe8 8. Bxf6
Bxf6 9. Nd5 Qd8 10. Qc3 c6 11. Nxf6+ Qxf6 12. d4 Nd7 13. Qd2 b5 14. Bb3 a5 15.
Qh6 a4 16. Ng5 axb3 17. Qxh7# 1-0

[Event "Autumn Cup"]
[Site "Box Hill"]
[Date "2002.02.22"]
[Round "3.1"]
[White "Nemeth, Janos"]
[Black "Gluzman, Michael"]
[Result "0-1"]
[WhiteElo "1873"]
[BlackElo "2363"]
[Annotator "jd"]
[PlyCount "58"]
[EventDate "2002.02.08"]

1. e4 c6 2. d4 d5 3. Nc3 dxe4 4. Nxe4 Bf5 5. Ng3 Bg6 6. Nf3 Nf6 7. Bc4 Nbd7 8.
O-O Qc7 9. Qe2 O-O-O 10. Ne5 e6 11. Bf4 Bd6 12. Bb3 Nd5 13. Nxg6 hxg6 14. Bxd6
Qxd6 15. Rad1 Nf4 16. Qf3 g5 17. Rfe1 f5 18. h3 g4 19. hxg4 g6 20. g5 Rh7 21.
c4 Rdh8 22. d5 cxd5 23. cxd5 e5 24. Ba4 e4 25. Qc3+ Kb8 26. Qa3 Ne2+ 27. Kf1
Qa6 28. Rxe2 Rh1+ 29. Nxh1 Rxh1# 0-1

[Event "Autumn Cup"]
[Site "Box Hill"]
[Date "2002.02.22"]
[Round "3.2"]
[White "Lojanica, Zdravko"]
[Black "Kempen, Leon"]
[Result "1/2-1/2"]
[WhiteElo "1817"]
[BlackElo "2008"]
[Annotator "jd"]
[PlyCount "134"]
[EventDate "2002.02.08"]

1. e4 c5 2. Nf3 e6 3. d4 cxd4 4. Nxd4 Nc6 5. Be3 Qc7 6. Nc3 a6 7. Be2 Bb4 8.
Qd2 Nf6 9. f3 Ne5 10. a3 Bxc3 11. Qxc3 Qxc3+ 12. bxc3 d5 13. Bg5 dxe4 14. Bxf6
gxf6 15. fxe4 Nd7 16. Bf3 Nc5 17. a4 Bd7 18. a5 O-O 19. Rb1 Rac8 20. Rb4 Rc7
21. Kd2 Bc8 22. Ke3 Nd7 23. c4 Ne5 24. Be2 Rd8 25. c3 Nc6 26. Nxc6 Rxc6 27. Rf1
Kg7 28. Bf3 Rc5 29. Ra1 Rd6 30. Be2 e5 31. Bd3 Rdc6 32. Ra3 Rc7 33. Ra1 Bd7 34.
Ra3 Kf8 35. Rab3 Bc6 36. Ra3 Ke7 37. g4 Kd8 38. Ra1 Bd7 39. h3 Be6 40. Raa4 Kc8
41. Be2 Rd7 42. Rb1 Rdc7 43. Rbb4 Kb8 44. Bd3 Ka7 45. Be2 Rc8 46. Bd3 R5c6 47.
Be2 h6 48. Bd3 Rg8 49. Be2 h5 50. Rb1 hxg4 51. hxg4 Rh8 52. Rab4 Rc7 53. Rf1
Rh3+ 54. Kd2 Rd7+ 55. Ke1 Re3 56. Rxf6 Rxe4 57. c5 Re3 58. Rf3 Rxf3 59. Bxf3
Bd5 60. Kf2 Bxf3 61. Kxf3 Rd3+ 62. Ke4 Rxc3 63. Kd5 f6 64. Rb6 Rg3 65. Rxf6
Rxg4 66. Rf7 Rg6 67. Kxe5 Rh6 1/2-1/2

[Event "Autumn Cup"]
[Site "Box Hill"]
[Date "2002.02.22"]
[Round "3.3"]
[White "Bourmistrov, Denis"]
[Black "Dutka, Janusz"]
[Result "1-0"]
[WhiteElo "1922"]
[BlackElo "1904"]
[Annotator "jd"]
[PlyCount "59"]
[EventDate "2002.02.08"]

1. d4 Nf6 2. c4 e6 3. Nc3 Bb4 4. a3 Bxc3+ 5. bxc3 O-O 6. f3 Ne8 7. Nh3 b6 8. e4
Ba6 9. Bd3 Nc6 10. O-O Na5 11. Qe2 Nb3 12. Ra2 Nxc1 13. Rxc1 c5 14. f4 d6 15.
e5 dxe5 16. dxe5 g6 17. Be4 Rb8 18. Rd2 Qe7 19. Rcd1 Bc8 20. g3 Ng7 21. Nf2 h5
22. Bf3 a6 23. Ne4 Ne8 24. a4 Kg7 25. h3 Rh8 26. Ng5 Nc7 27. Bc6 Ne8 28. Rd7
Bxd7 29. Rxd7 Qf8 30. Nxe6+ 1-0